| 000 | 02034nam0a2200373 4500 | ||
|---|---|---|---|
| 001 | RU\NLR\bibl\1350511 | ||
| 005 | 20250615173543.0 | ||
| 010 |
_a5-900780-82-5 _9200 |
||
| 021 |
_aRU _b2009-7775 _9447 |
||
| 035 | _a(nilc)RSL-KNO-004246315 | ||
| 035 | _a(NLR Aleph) 001335605 | ||
| 090 |
_a828149 _c828149 |
||
| 100 | _a20090225d2008 |||y0rusy50 ca | ||
| 101 | 0 | _arus | |
| 102 | _aRU | ||
| 105 | _aa ||||||||| | ||
| 200 | 1 |
_aПрецизионные управляемые стенды для динамических испытаний гироскопических приборов _fД. М. Калихман _gпод общ. ред. акад. Рос. акад. наук В. Г. Пешехонова _gГос. науч. центр Российской Федерации Центр. НИИ "Электроприбор" |
|
| 210 |
_aСанкт-Петербург _cЭлектроприбор _d2008 |
||
| 215 |
_a296 с. _cил. _d27 |
||
| 300 | _aНа 4-й с. обл. авт.: Калихман Д.М., д.т.н. | ||
| 320 | _aБиблиогр.: с. 288-296 (191 назв.) | ||
| 606 | 1 |
_aГироскопические приборы _xИспытание _xАппараты и приборы _xПроектирование _92240986 _3RU\NLR\auth\661344723 |
|
| 610 | 0 | _aПриборостроение -- Испытание и контроль приборов -- Испытание гироскопических устройств, приборов -- Оборудование -- Исследование -- Математическое моделирование -- Пособие для специалистов | |
| 610 | 0 | _aстенды контрольные | |
| 610 | 0 | _aгироскопы | |
| 686 |
_aК970.48-5-01,07 _2rubbk |
||
| 686 | _aК970.48-5-02 | ||
| 700 | 1 |
_aКалихман _bД. М. _f1963- _gДмитрий Михайлович _4070 |
|
| 801 | 0 |
_aRU _bРКП _c20090225 _grcr |
|
| 801 | 1 |
_aRU _bРГБ _c20090225 |
|
| 801 | 2 |
_aRU _bNLR _c20090402 _grcr |
|
| 942 | _cBOOK | ||
| 980 | _aNB | ||